Kapitoly zo psychológie výchovy

Bibliographic Details
Main Author: Valihorová, Marta, 1951- (Author)
Format: Book
Language:Slovak
PhysicalDescription:111 s. 21 cm
Published: Žilina Edis Žilinská univerzita 2011
ISBN:9788055403519
Subjects:

MARC

LEADER 00000cam a2200000 a 4500
001 vtls010283500
003 SK-MaSNL
005 20260301183239.0
008 240318s2011 xo g n 000 0 slo
015 |a SNBA2016/07 
020 |a 9788055403519  |q (brož.) 
035 |a 7DE523B4-446C-49DF-96DA-B93283AA82BA 
035 |a urn:nbn:sk:snk-amlp5a 
035 |a urn:nbn:sk:snk-am00bxqv 
040 |a SNK  |b slo  |c SNK  |e AACR2 
041 0 |a slo 
044 |a xo  |c SK 
072 7 |a 37  |x Výchova a vzdelávanie  |2 konspekt 
080 |a 37.015.3  |2 2011 
080 |a 37.01/.09  |2 2011 
080 |a 159.9  |2 2011 
080 |a (048.8)  |2 2011 
100 1 |a Valihorová, Marta,  |d 1951-  |4 aut  |9 40319 
245 1 0 |a Kapitoly zo psychológie výchovy  |c Marta Valihorová 
260 |a Žilina  |b Edis  |b Žilinská univerzita  |c 2011 
300 |a 111 s.  |c 21 cm 
500 |a Vyd. pre Inštitút priemyselnej výchovy Žilina 
504 |a Bibliogr.: s. 109-111 
650 0 7 |a pedagogická psychológia  |2 SNKPH  |9 58135 
650 0 7 |a Educational psychology  |2 SNKPHeng  |9 286543 
650 0 7 |a výchova a vzdelávanie  |x psychologické aspekty  |2 SNKPH  |9 413821 
650 0 7 |a Education  |x psychological aspects  |2 SNKPHeng  |9 413820 
655 7 |a monografie  |2 SNKPH  |9 70139 
655 7 |a Monographs  |2 SNKPHeng  |9 120675 
710 2 |a Inštitút priemyselnej výchovy (Žilina, Slovensko)  |4 pbl  |9 32606 
852 |a Štátna vedecká knižnica v Banskej Bystrici 
919 |a 978-80-554-0351-9 
958 |a NB 
999 |c 856313  |d 858243 
952 |a SNK  |b SNK  |y PREZ  |7 0  |p 17A1198993  |o snkSC 170472  |i snk2016/16335  |8 0  |0 0  |1 0  |4 0  |d 2016-06-24  |f 1  |l 0  |r 2025-09-08 00:00:00  |w 2026-02-24 
952 |a SNK  |b SNK  |y VYP  |7 0  |p 17A1198994  |o snkSC 170472 D1  |i snk2016/16337  |8 0  |0 0  |1 0  |4 0  |d 2016-06-24  |l 0  |r 2026-02-24 04:57:05  |w 2026-02-24